LEADER 03503nam 2200649 450 001 9910458734203321 005 20200903223051.0 010 $a90-04-27425-1 024 7 $a10.1163/9789004274259 035 $a(CKB)2550000001313766 035 $a(EBL)1706981 035 $a(SSID)ssj0001226377 035 $a(PQKBManifestationID)11993687 035 $a(PQKBTitleCode)TC0001226377 035 $a(PQKBWorkID)11270126 035 $a(PQKB)11279418 035 $a(MiAaPQ)EBC1706981 035 $a(nllekb)BRILL9789004274259 035 $a(PPN)184922852 035 $a(Au-PeEL)EBL1706981 035 $a(CaPaEBR)ebr10879389 035 $a(CaONFJC)MIL617082 035 $a(OCoLC)881367769 035 $a(EXLCZ)992550000001313766 100 $a20140618h20142014 uy 0 101 0 $aeng 135 $aur|n|---||||| 181 $ctxt 182 $cc 183 $acr 200 14$aThe comfort of kin $eSamaritan community, kinship, and marriage /$fby Monika Schreiber 210 1$aLeiden, Netherlands :$cBrill,$d2014. 210 4$d©2014 215 $a1 online resource (431 p.) 225 1 $aBrill's Series in Jewish Studies,$x0926-2261 ;$vVolume 51 300 $aRevised version of the author's dissertation--University of Vienna (Autria), Institute of Social and Cultural Anthropology, 2009. 311 $a90-04-27424-3 311 $a1-306-85831-3 320 $aIncludes bibliographical references and indexes. 327 $aPreliminary Material -- Introduction: Who Are the Samaritans? -- 1 A Community of Faith -- 2 An Accidental People: A Survey of Samaritan History -- 3 A Community of Practice -- 4 No Exit, No Entrance? The Bounds of Community -- 5 It?s All in the Family: From Ethnic Identity to Practical Kinship -- 6 Bint? li-ibn ?ammh??My Daughter is for Her Cousin: Samaritan Marital Preferences -- 7 Too Close for Comfort? A Critical View of an Ancient Legacy -- 8 Single, Samaritan, Male: A Local Discourse on Minority and Choice -- 9 The Family Politic -- Epilogue: Will the Samaritans Endure? -- References -- Subject Index -- Index of Ancient Sources -- Index of Foreign Words Mentioned in the Text. 330 $aIn The Comfort of Kin Monika Schreiber presents a study of the social and religious life of the Samaritans, a minority in modern Israel and the Palestinian Territories. Utilizing approaches ranging from anthropological theory and method to comparative history and religion, she approaches this community from diverse empirical and epistemic angles. Her account of the Samaritans, usually studied for their Bible and their role in ancient history, is enriched by a thorough treatment of the Samaritan family, a powerful institution rooted in notions of patrilineal descent and perpetuated in part by consanguineous marriage (which differs from incest in degree rather than in kind). Schreiber also discusses how the tiny community is affected by its demographic predicament, intermarriage, and identity issues. 410 0$aBrill's series in Jewish studies ;$vVolume 51. 606 $aSamaritans 606 $aMinority families$zIsrael 607 $aIsrael$xEthnic relations 608 $aElectronic books. 615 0$aSamaritans. 615 0$aMinority families 676 $a305.6/96817 700 $aSchreiber$b Monika$0928731 801 0$bMiAaPQ 801 1$bMiAaPQ 801 2$bMiAaPQ 906 $aBOOK 912 $a9910458734203321 996 $aThe comfort of kin$92087190 997 $aUNINA LEADER 01005nam0 22002891i 450 001 RML0289272 005 20231121125735.0 100 $a20121121d1984 ||||0itac50 ba 101 | $aita$alat 102 $ait 181 1$6z01$ai $bxxxe 182 1$6z01$an 200 1 $a˜Il œLazio nei Lunari Romani$fLaura Moscati 210 $a[Napoli] $cESI $d1984 215 $aP. 582-595$d22 cm 300 $aEstr. da: Clio, a. 19. (1983) n.4 606 $aLazio$xPubblicazioni$2FIR$3RMLC413805$9I 676 $a914.562$9$v21 700 1$aMoscati$b, Laura$3RMLV186976$0261383 801 3$aIT$bIT-01$c20121121 850 $aIT-FR0017 899 $aBiblioteca umanistica Giorgio Aprea$bFR0017 912 $aRML0289272 950 0$aBiblioteca umanistica Giorgio Aprea$d 52COBAL MISC.Battelli 150$e 52VM 0000586975 VM barcode:ACQ921. - Inventario:COBALVM$fB $h20051216$i20121204 977 $a 52 996 $aLazio nei Lunari Romani$93627703 997 $aUNICAS LEADER 01217nas 2200421 a 450 001 9910172153403321 005 20241221110657.0 035 $a(CKB)954928505577 035 $a(CONSER) 76612862 035 $a(MiAaPQ)41098 035 $a(MiFhGG)3251 035 $a(EXLCZ)99954928505577 100 $a20751019a19709999 uy a 101 0 $aeng 181 $ctxt$2rdacontent 182 $cc$2rdamedia 183 $acr$2rdacarrier 200 00$aPipeline & gas journal 210 $a[Dallas] $c[Petroleum Engineer Pub. Co.]$d[1970]- 215 $a1 online resource 300 $aTitle from cover. 311 08$aPrint version: Pipeline & gas journal. (DLC) 76612862 (OCoLC)60624323 0032-0188 606 $aGas pipelines$vPeriodicals 606 $aGas distribution$vPeriodicals 606 $aPipelines$vPeriodicals 606 $aPIPELINES$2unbist 606 $aNATURAL GAS$2unbist 615 0$aGas pipelines 615 0$aGas distribution 615 0$aPipelines 615 7$aPIPELINES. 615 7$aNATURAL GAS. 676 $a665/.74/05 906 $aJOURNAL 912 $a9910172153403321 920 $aexl_impl conversion 996 $aPipeline & gas journal$92019456 997 $aUNINA